<?xml version="1.0" encoding="UTF-8"?>
<record
    xmlns:xsi="http://www.w3.org/2001/XMLSchema-instance"
    xsi:schemaLocation="http://www.loc.gov/MARC21/slim http://www.loc.gov/standards/marcxml/schema/MARC21slim.xsd"
    xmlns="http://www.loc.gov/MARC21/slim">

  <leader>04629nam0a22005531  4500</leader>
  <controlfield tag="001">v19\rc\2106496</controlfield>
  <controlfield tag="005">20260407111918.0</controlfield>
  <datafield tag="035" ind1=" " ind2=" ">
    <subfield code="a">(NLR Aleph) 005279170</subfield>
  </datafield>
  <datafield tag="090" ind1=" " ind2=" ">
    <subfield code="a">6080015</subfield>
    <subfield code="c">6080015</subfield>
  </datafield>
  <datafield tag="100" ind1=" " ind2=" ">
    <subfield code="a">20090914d1804    |||y0rusy50      ca</subfield>
  </datafield>
  <datafield tag="101" ind1="0" ind2=" ">
    <subfield code="a">rus</subfield>
    <subfield code="a">ger</subfield>
  </datafield>
  <datafield tag="102" ind1=" " ind2=" ">
    <subfield code="a">RU</subfield>
  </datafield>
  <datafield tag="135" ind1=" " ind2=" ">
    <subfield code="a">crcn 024anaba</subfield>
  </datafield>
  <datafield tag="140" ind1=" " ind2=" ">
    <subfield code="a">y   y    da        yaa0000  </subfield>
  </datafield>
  <datafield tag="200" ind1="1" ind2=" ">
    <subfield code="a">&#x414;&#x43E;&#x43A;&#x43B;&#x430;&#x434; &#x435;&#x433;&#x43E; &#x438;&#x43C;&#x43F;&#x435;&#x440;&#x430;&#x442;&#x43E;&#x440;&#x441;&#x43A;&#x43E;&#x43C;&#x443; &#x432;&#x435;&#x43B;&#x438;&#x447;&#x435;&#x441;&#x442;&#x432;&#x443; &#x43E;&#x442; &#x41A;&#x43E;&#x43C;&#x438;&#x442;&#x435;&#x442;&#x430;, &#x443;&#x447;&#x440;&#x435;&#x436;&#x434;&#x435;&#x43D;&#x43D;&#x430;&#x433;&#x43E; &#x434;&#x43B;&#x44F; &#x440;&#x430;&#x437;&#x441;&#x43C;&#x43E;&#x442;&#x440;&#x435;&#x43D;&#x438;&#x44F; &#x43B;&#x438;&#x444;&#x43B;&#x44F;&#x43D;&#x434;&#x441;&#x43A;&#x438;&#x445; &#x434;&#x435;&#x43B;</subfield>
    <subfield code="e">[&#x41E;&#x442; 3 &#x444;&#x435;&#x432;&#x440;. 1804 &#x433;.]</subfield>
    <subfield code="d">Verordnung die Bauern des Livl&#xE4;ndischen Gouvernements betreffend</subfield>
    <subfield code="z">ger</subfield>
  </datafield>
  <datafield tag="210" ind1=" " ind2=" ">
    <subfield code="a">[&#x421;&#x430;&#x43D;&#x43A;&#x442;-&#x41F;&#x435;&#x442;&#x435;&#x440;&#x431;&#x443;&#x440;&#x433;</subfield>
    <subfield code="c">&#x432; &#x421;&#x435;&#x43D;&#x430;&#x442;&#x441;&#x43A;&#x43E;&#x439; &#x442;&#x438;&#x43F;&#x43E;&#x433;&#x440;&#x430;&#x444;&#x438;&#x438;</subfield>
    <subfield code="d">1804]</subfield>
  </datafield>
  <datafield tag="215" ind1=" " ind2=" ">
    <subfield code="a">[1], 54, [1], 139, [2], XVI, [27] &#x441;., [5] &#x43B;. &#x442;&#x430;&#x431;&#x43B;.</subfield>
    <subfield code="c">&#x442;&#x430;&#x431;&#x43B;.</subfield>
    <subfield code="d">8&#xB0;</subfield>
  </datafield>
  <datafield tag="300" ind1=" " ind2=" ">
    <subfield code="a">&#x422;&#x435;&#x43A;&#x441;&#x442; &#x43F;&#x430;&#x440;&#x430;&#x43B;. &#x43D;&#x430; &#x440;&#x443;&#x441;. &#x438; &#x43D;&#x435;&#x43C;. &#x44F;&#x437;.</subfield>
  </datafield>
  <datafield tag="300" ind1=" " ind2=" ">
    <subfield code="a">&#x41F;&#x435;&#x440;. &#x43D;&#x430; &#x43D;&#x435;&#x43C;. &#x44F;&#x437;. &#x41F;.&#x421;. &#x41A;&#x430;&#x439;&#x441;&#x430;&#x440;&#x43E;&#x432;</subfield>
  </datafield>
  <datafield tag="309" ind1=" " ind2=" ">
    <subfield code="a">&#x411;&#x435;&#x437; &#x442;&#x438;&#x442;. &#x43B;. &#x438; &#x43E;&#x431;&#x43B;. &#x41E;&#x43F;&#x438;&#x441;&#x430;&#x43D;&#x43E; &#x43F;&#x43E; &#x448;&#x43C;&#x443;&#x446;&#x442;&#x438;&#x442;.</subfield>
  </datafield>
  <datafield tag="316" ind1=" " ind2=" ">
    <subfield code="a">&#x42D;&#x43A;&#x437;. &#x420;&#x41D;&#x411; (138/423) &#x432; &#x441;&#x43E;&#x441;&#x442;&#x430;&#x432;&#x43D;&#x43E;&#x43C; &#x43A;&#x430;&#x440;&#x442;&#x43E;&#x43D;. &#x43F;&#x435;&#x440;., &#x43E;&#x431;&#x442;&#x44F;&#x43D;&#x443;&#x442;&#x43E;&#x43C; &#x441;&#x435;&#x440;&#x43E;-&#x440;&#x43E;&#x437;&#x43E;&#x432;&#x43E;&#x439; &#x431;&#x443;&#x43C;&#x430;&#x433;&#x43E;&#x439;, &#x43A;&#x43E;&#x440;&#x438;&#x447;. &#x43A;&#x43E;&#x436;&#x430;&#x43D;. &#x443;&#x433;&#x43E;&#x43B;&#x43A;&#x430;&#x43C;&#x438; &#x438; &#x43A;&#x43E;&#x440;&#x435;&#x448;&#x43A;&#x43E;&#x43C;. &#x41A;&#x43E;&#x440;&#x435;&#x448;&#x43E;&#x43A; &#x441; 5-&#x44E; &#x431;&#x438;&#x43D;&#x442;&#x430;&#x43C;&#x438;, &#x441; &#x442;&#x438;&#x441;&#x43D;&#x435;&#x43D;&#x438;&#x435;&#x43C; &#x437;&#x43E;&#x43B;&#x43E;&#x442;&#x43E;&#x43C; (&#x43F;&#x43E;&#x437;&#x43E;&#x43B;&#x43E;&#x442;&#x430; &#x43F;&#x440;&#x430;&#x43A;&#x442;&#x438;&#x447;&#x435;&#x441;&#x43A;&#x438; &#x43F;&#x43E;&#x43B;&#x43D;&#x43E;&#x441;&#x442;&#x44C;&#x44E; &#x443;&#x442;&#x440;&#x430;&#x447;&#x435;&#x43D;&#x430;). &#x41D;&#x430; &#x43A;&#x43E;&#x440;&#x435;&#x448;&#x43A;&#x435; &#x43A;&#x43E;&#x436;&#x430;&#x43D;. &#x43D;&#x430;&#x43A;&#x43B;&#x435;&#x439;&#x43A;&#x430; &#x446;&#x432;&#x435;&#x442;&#x430; &#x431;&#x435;&#x436; &#x441; &#x432;&#x44B;&#x442;&#x438;&#x441;&#x43D;. &#x437;&#x430;&#x433;&#x43B;.: "Bauern Regulations Buch.", &#x431;&#x443;&#x43C;&#x430;&#x436;. &#x43D;&#x430;&#x43A;&#x43B;&#x435;&#x439;&#x43A;&#x430; &#x441; &#x43D;&#x43E;&#x43C;&#x435;&#x440;&#x43E;&#x43C;: "4466" &#x438; &#x44F;&#x440;&#x43B;&#x44B;&#x43A;-&#x43C;&#x430;&#x440;&#x43A;&#x430; &#x441; &#x432;&#x43F;&#x438;&#x441;&#x430;&#x43D;&#x43D;&#x44B;&#x43C; &#x43D;&#x43E;&#x43C;&#x435;&#x440;&#x43E;&#x43C; 924. &#x41D;&#x430; &#x43D;&#x438;&#x436;&#x43D;&#x435;&#x439; &#x43A;&#x440;&#x44B;&#x448;&#x43A;&#x435; &#x43F;&#x435;&#x440;. &#x44D;&#x43A;&#x441;&#x43B;&#x438;&#x431;&#x440;&#x438;&#x441; &#x420;&#x443;&#x441;. &#x444;&#x43E;&#x43D;&#x434;&#x430; &#x413;&#x41F;&#x411; &#x441; &#x448;&#x438;&#x444;&#x440;&#x43E;&#x43C;. &#x41E;&#x431;&#x440;&#x435;&#x437; &#x442;&#x43E;&#x43D;&#x438;&#x440;. &#x43A;&#x440;&#x430;&#x441;&#x43D;&#x44B;&#x439;. &#x41D;&#x430; &#x444;&#x43E;&#x440;&#x437;&#x430;&#x446;&#x435; &#x44F;&#x440;&#x43B;&#x44B;&#x43A; &#x441; &#x448;&#x438;&#x444;&#x440;&#x43E;&#x43C; &#x420;&#x41D;&#x411;. &#x41D;&#x430; &#x43E;&#x431;&#x43E;&#x440;&#x43E;&#x442;&#x435; &#x444;&#x43E;&#x440;&#x437;&#x430;&#x446;&#x430;, &#x441;.33 1-&#x439; &#x43F;&#x430;&#x433;., &#x441;.[24] &#x438; &#x43E;&#x431;&#x43E;&#x440;&#x43E;&#x442;&#x430;&#x445; &#x442;&#x430;&#x431;&#x43B;. &#x43A;&#x440;&#x443;&#x433;&#x43B;&#x44B;&#x439; &#x448;&#x442;&#x430;&#x43C;&#x43F; &#x413;&#x41F;&#x411;. &#x420;&#x430;&#x437;&#x43C;&#x435;&#x440;: 20,5&#x445;12,7&#x445;2,6 &#x441;&#x43C;</subfield>
    <subfield code="5">NLR: 138/423</subfield>
  </datafield>
  <datafield tag="316" ind1=" " ind2=" ">
    <subfield code="a">&#x42D;&#x43A;&#x437;. &#x420;&#x41D;&#x411; (18.83.7.39) &#x434;&#x435;&#x444;.: &#x43E;&#x442;&#x441;&#x443;&#x442;&#x441;&#x442;&#x432;&#x443;&#x435;&#x442; 1 &#x43B;. &#x442;&#x430;&#x431;&#x43B;.</subfield>
    <subfield code="5">NLR: 18.83.7.39</subfield>
  </datafield>
  <datafield tag="321" ind1="1" ind2=" ">
    <subfield code="a">&#x421;&#x41A; 1801-1825 3647</subfield>
  </datafield>
  <datafield tag="325" ind1=" " ind2=" ">
    <subfield code="a">&#x41A;&#x43E;&#x43F;&#x438;&#x44F; &#x434;&#x43E;&#x441;&#x442;&#x443;&#x43F;&#x43D;&#x430; &#x432; &#x42D;&#x43B;&#x435;&#x43A;&#x442;&#x440;&#x43E;&#x43D;. &#x431;-&#x43A;&#x435; &#x420;&#x41D;&#x411;</subfield>
  </datafield>
  <datafield tag="327" ind1="0" ind2=" ">
    <subfield code="a">&#x418;&#x437; &#x441;&#x43E;&#x434;&#x435;&#x440;&#x436;.: &#x41F;&#x43E;&#x43B;&#x43E;&#x436;&#x435;&#x43D;&#x438;&#x435; &#x43E; &#x43A;&#x440;&#x435;&#x441;&#x442;&#x44C;&#x44F;&#x43D;&#x430;&#x445; &#x41B;&#x438;&#x444;&#x43B;&#x44F;&#x43D;&#x434;&#x441;&#x43A;&#x43E;&#x439; &#x433;&#x443;&#x431;&#x435;&#x440;&#x43D;&#x438;&#x438; = Verordnung die Bauern des Livl&#xE4;ndischen Gouvernements betreffend. (&#x421;.1-139)</subfield>
  </datafield>
  <datafield tag="464" ind1=" " ind2="0">
    <subfield code="1">2001#$a&#x41F;&#x43E;&#x43B;&#x43E;&#x436;&#x435;&#x43D;&#x438;&#x435; &#x43E; &#x43A;&#x440;&#x435;&#x441;&#x442;&#x44C;&#x44F;&#x43D;&#x430;&#x445; &#x41B;&#x438;&#x444;&#x43B;&#x44F;&#x43D;&#x434;&#x441;&#x43A;&#x43E;&#x439; &#x433;&#x443;&#x431;&#x435;&#x440;&#x43D;&#x438;&#x438;$dVerordnung die Bauern des Livl&#xE4;ndischen Gouvernements betreffend$zger</subfield>
    <subfield code="1">215##$a&#x421;.1-139</subfield>
    <subfield code="1">300##$a&#x41F;&#x435;&#x440;&#x435;&#x434; &#x442;&#x435;&#x43A;&#x441;&#x442;&#x43E;&#x43C; &#x43D;&#x430; &#x441;.2: "&#x41D;&#x430; &#x43F;&#x43E;&#x434;&#x43B;&#x438;&#x43D;&#x43D;&#x43E;&#x43C; &#x43D;&#x430;&#x43F;&#x438;&#x441;&#x430;&#x43D;&#x43E; &#x441;&#x43E;&#x431;&#x441;&#x442;&#x432;&#x435;&#x43D;&#x43D;&#x43E;&#x44E; &#x435;&#x433;&#x43E; &#x438;&#x43C;&#x43F;&#x435;&#x440;&#x430;&#x442;&#x43E;&#x440;&#x441;&#x43A;&#x430;&#x433;&#x43E; &#x432;&#x435;&#x43B;&#x438;&#x447;&#x435;&#x441;&#x442;&#x432;&#x430; &#x440;&#x443;&#x43A;&#x43E;&#x44E; &#x442;&#x430;&#x43A;&#x43E;: &#x411;&#x44B;&#x442;&#x44C; &#x43F;&#x43E; &#x441;&#x435;&#x43C;&#x443;. &#x410;&#x43B;&#x435;&#x43A;&#x441;&#x430;&#x43D;&#x434;&#x440;. &#x412; &#x421;&#x430;&#x43D;&#x43A;&#x442;&#x43F;&#x435;&#x442;&#x435;&#x440;&#x431;&#x443;&#x440;&#x433;&#x435; &#x444;&#x435;&#x432;&#x440;&#x430;&#x43B;&#x44F; 20 1804".</subfield>
    <subfield code="t">&#x41F;&#x43E;&#x43B;&#x43E;&#x436;&#x435;&#x43D;&#x438;&#x435; &#x43E; &#x43A;&#x440;&#x435;&#x441;&#x442;&#x44C;&#x44F;&#x43D;&#x430;&#x445; &#x41B;&#x438;&#x444;&#x43B;&#x44F;&#x43D;&#x434;&#x441;&#x43A;&#x43E;&#x439; &#x433;&#x443;&#x431;&#x435;&#x440;&#x43D;&#x438;&#x438;</subfield>
  </datafield>
  <datafield tag="518" ind1="1" ind2=" ">
    <subfield code="a">&#x414;&#x43E;&#x43A;&#x43B;&#x430;&#x434; &#x435;&#x433;&#x43E; &#x438;&#x43C;&#x43F;&#x435;&#x440;&#x430;&#x442;&#x43E;&#x440;&#x441;&#x43A;&#x43E;&#x43C;&#x443; &#x432;&#x435;&#x43B;&#x438;&#x447;&#x435;&#x441;&#x442;&#x432;&#x443; &#x43E;&#x442; &#x41A;&#x43E;&#x43C;&#x438;&#x442;&#x435;&#x442;&#x430;, &#x443;&#x447;&#x440;&#x435;&#x436;&#x434;&#x435;&#x43D;&#x43D;&#x43E;&#x433;&#x43E; &#x434;&#x43B;&#x44F; &#x440;&#x430;&#x441;&#x441;&#x43C;&#x43E;&#x442;&#x440;&#x435;&#x43D;&#x438;&#x44F; &#x43B;&#x438;&#x444;&#x43B;&#x44F;&#x43D;&#x434;&#x441;&#x43A;&#x438;&#x445; &#x434;&#x435;&#x43B;</subfield>
  </datafield>
  <datafield tag="620" ind1=" " ind2=" ">
    <subfield code="d">&#x421;&#x430;&#x43D;&#x43A;&#x442;-&#x41F;&#x435;&#x442;&#x435;&#x440;&#x431;&#x443;&#x440;&#x433;</subfield>
  </datafield>
  <datafield tag="702" ind1=" " ind2="1">
    <subfield code="4">730</subfield>
    <subfield code="7">ca</subfield>
    <subfield code="8">rus</subfield>
    <subfield code="a">&#x41A;&#x430;&#x439;&#x441;&#x430;&#x440;&#x43E;&#x432;</subfield>
    <subfield code="b">&#x41F;. &#x421;.</subfield>
    <subfield code="f">1777-1854</subfield>
    <subfield code="g">&#x41F;&#x435;&#x442;&#x440; &#x421;&#x435;&#x440;&#x433;&#x435;&#x435;&#x432;&#x438;&#x447;</subfield>
    <subfield code="9">172085</subfield>
    <subfield code="3">RU\NLR\AUTH\770172135</subfield>
  </datafield>
  <datafield tag="702" ind1=" " ind2="0">
    <subfield code="4">660</subfield>
    <subfield code="4">720</subfield>
    <subfield code="8">rus</subfield>
    <subfield code="7">ca</subfield>
    <subfield code="a">&#x410;&#x43B;&#x435;&#x43A;&#x441;&#x430;&#x43D;&#x434;&#x440;</subfield>
    <subfield code="c">&#x438;&#x43C;&#x43F;&#x435;&#x440;&#x430;&#x442;&#x43E;&#x440; &#x440;&#x43E;&#x441;&#x441;&#x438;&#x439;&#x441;&#x43A;&#x438;&#x439;</subfield>
    <subfield code="d">I</subfield>
    <subfield code="f">1777-1825</subfield>
    <subfield code="3">RU\NLR\AUTH\775342</subfield>
    <subfield code="9">115306</subfield>
  </datafield>
  <datafield tag="710" ind1="0" ind2="1">
    <subfield code="a">&#x420;&#x43E;&#x441;&#x441;&#x438;&#x44F;</subfield>
    <subfield code="b">&#x41A;&#x43E;&#x43C;&#x438;&#x442;&#x435;&#x442; &#x434;&#x43B;&#x44F; &#x440;&#x430;&#x441;&#x441;&#x43C;&#x43E;&#x442;&#x440;&#x435;&#x43D;&#x438;&#x44F; &#x43B;&#x438;&#x444;&#x43B;&#x44F;&#x43D;&#x434;&#x441;&#x43A;&#x438;&#x445; &#x434;&#x435;&#x43B;</subfield>
    <subfield code="3">RU\NLR\AUTH\889937858</subfield>
    <subfield code="9">370526</subfield>
  </datafield>
  <datafield tag="712" ind1="0" ind2="2">
    <subfield code="4">610</subfield>
    <subfield code="a">&#x421;&#x435;&#x43D;&#x430;&#x442;&#x441;&#x43A;&#x430;&#x44F; &#x442;&#x438;&#x43F;&#x43E;&#x433;&#x440;&#x430;&#x444;&#x438;&#x44F;</subfield>
    <subfield code="c">&#x41F;&#x435;&#x442;&#x435;&#x440;&#x431;&#x443;&#x440;&#x433;</subfield>
    <subfield code="3">RU\NLR\AUTH\889940127</subfield>
    <subfield code="9">375085</subfield>
  </datafield>
  <datafield tag="801" ind1=" " ind2="0">
    <subfield code="a">RU</subfield>
    <subfield code="b">NLR</subfield>
    <subfield code="c">20090914</subfield>
    <subfield code="g">psbo</subfield>
  </datafield>
  <datafield tag="801" ind1=" " ind2="1">
    <subfield code="a">RU</subfield>
    <subfield code="b">ProSoft-M</subfield>
    <subfield code="c">20090914</subfield>
    <subfield code="2">rusmarc</subfield>
  </datafield>
  <datafield tag="801" ind1=" " ind2="2">
    <subfield code="a">RU</subfield>
    <subfield code="b">NLR</subfield>
    <subfield code="c">20100323</subfield>
    <subfield code="2">rusmarc</subfield>
  </datafield>
  <datafield tag="852" ind1=" " ind2=" ">
    <subfield code="a">NLR</subfield>
    <subfield code="j">18.83.7.39</subfield>
  </datafield>
  <datafield tag="852" ind1=" " ind2=" ">
    <subfield code="a">NLR</subfield>
    <subfield code="j">138/423</subfield>
  </datafield>
  <datafield tag="942" ind1=" " ind2=" ">
    <subfield code="c">BOOK</subfield>
  </datafield>
  <datafield tag="980" ind1=" " ind2=" ">
    <subfield code="a">NB</subfield>
  </datafield>
  <datafield tag="980" ind1="3" ind2=" ">
    <subfield code="a">kpcivil2021</subfield>
  </datafield>
  <datafield tag="980" ind1="3" ind2=" ">
    <subfield code="a">kp2021</subfield>
  </datafield>
  <datafield tag="980" ind1="3" ind2=" ">
    <subfield code="a">kp</subfield>
  </datafield>
  <datafield tag="981" ind1="2" ind2="2">
    <subfield code="a">(22) &#x41C;&#x430;&#x442;&#x435;&#x440;&#x438;&#x430;&#x43B;&#x44B; &#x43F;&#x43E; &#x438;&#x441;&#x442;&#x43E;&#x440;&#x438;&#x438; &#x420;&#x43E;&#x441;&#x441;&#x438;&#x438;</subfield>
    <subfield code="b">(22) &#x41C;&#x430;&#x442;&#x435;&#x440;&#x438;&#x430;&#x43B;&#x44B; &#x43F;&#x43E; &#x43E;&#x442;&#x434;&#x435;&#x43B;&#x44C;&#x43D;&#x44B;&#x43C; &#x440;&#x435;&#x433;&#x438;&#x43E;&#x43D;&#x430;&#x43C;</subfield>
  </datafield>
  <datafield tag="981" ind1="2" ind2="0">
    <subfield code="a">(20) &#x41A;&#x43D;&#x438;&#x436;&#x43D;&#x44B;&#x435; &#x43F;&#x430;&#x43C;&#x44F;&#x442;&#x43D;&#x438;&#x43A;&#x438; &#x420;&#x41D;&#x411;</subfield>
    <subfield code="b">(20) &#x420;&#x443;&#x441;&#x441;&#x43A;&#x438;&#x439; &#x43A;&#x43D;&#x438;&#x436;&#x43D;&#x44B;&#x439; &#x444;&#x43E;&#x43D;&#x434;</subfield>
  </datafield>
  <datafield tag="995" ind1=" " ind2=" ">
    <subfield code="5">2013-10-26</subfield>
    <subfield code="b">NLR02</subfield>
    <subfield code="c">NLR02</subfield>
    <subfield code="e">RFS</subfield>
    <subfield code="f">5279170-10</subfield>
    <subfield code="k">18.83.7.39</subfield>
    <subfield code="o">0</subfield>
    <subfield code="r">BOOK</subfield>
    <subfield code="s">1883739_</subfield>
  </datafield>
  <datafield tag="995" ind1=" " ind2=" ">
    <subfield code="5">2013-10-26</subfield>
    <subfield code="b">NLR02</subfield>
    <subfield code="c">NLR02</subfield>
    <subfield code="e">RFS</subfield>
    <subfield code="f">5279170-20</subfield>
    <subfield code="k">138/423</subfield>
    <subfield code="o">0</subfield>
    <subfield code="r">BOOK</subfield>
    <subfield code="s">138423_</subfield>
  </datafield>
</record>
